La Diputació municipalista : la gran transformació : 1979-2019 1979-2019
ISBN:
9788419091512
Descripción Física:
279 pàgines ; il·lustracions color ; taules ; gràfics ; 24 cm
Otros Autores:
Coll i Amargós, Joaquim
,
Navas i Ferrer, Teresa
,
Pano Puey, Esther
,
Jiménez Asensio, Rafael
,
Marín, Núria, 1963-
Idioma:
Catalán
MARC
| LEADER | 00000nam a22000007a 4500 | ||
|---|---|---|---|
| 001 | 28007 | ||
| 003 | Arxiu | ||
| 005 | 20260324181518.0 | ||
| 008 | 230612b spa||||| |||| 00| 0 cat d | ||
| 017 | |a B 3352-2023 | ||
| 020 | |a 9788419091512 | ||
| 040 | |a agdb |b cat | ||
| 041 | |a cat | ||
| 240 | |a La Diputació municipalista : la gran transformació |l [català] | ||
| 245 | |a La Diputació municipalista : la gran transformació : |b 1979-2019 | ||
| 250 | |a Primera edició |b febrer 2023 | ||
| 260 | |a Barcelona : |b Diputació de Barcelona : |b Editorial MIC ; |c 2023 | ||
| 300 | |a 279 pàgines ; |b il·lustracions color ; taules ; gràfics ; |c 24 cm | ||
| 546 | |a També en castellà (R. 28008) | ||
| 610 | 0 | |9 10583 |a Barcelona (Catalunya : Província). |b Diputació |x Història | |
| 700 | |9 2686 |a Coll i Amargós, Joaquim | ||
| 700 | 1 | |9 49704 |a Navas i Ferrer, Teresa | |
| 700 | |9 18012 |a Pano Puey, Esther | ||
| 700 | |9 45885 |a Jiménez Asensio, Rafael | ||
| 700 | 1 | |9 55364 |a Marín, Núria, |d 1963- |e presentació | |
| 942 | |2 udc |c ARXIU |n 1 | ||
| 952 | |0 0 |1 0 |2 udc |4 0 |6 BIB1065 |7 1 |9 66485 |a Arxiu |b Arxiu |d 2023-06-12 |l 0 |o Bib-1065 |p 28007 |r 2023-06-12 00:00:00 |w 2023-06-12 |y ARXIU | ||
| 999 | |c 83810 |d 83810 | ||